000 01213nam a22003737a 4500
003 CHAP
005 20220329141532.0
008 971013s1986 r 00010 d
010 _a69784
011 _a70756
035 _a80309
040 _cCHAP
082 _a631.86
_bK6
100 0 0 _aKofoed, A. Dam
_eed
_963619
245 _aEfficient land use of sludge and manure
260 _aLondon :
_bElsevier,
_c1986
300 _a245 p.
_b; gráfs.
500 _aD18-64
590 _aBATCH-UPD
_b10
_c20130110
_lUCH01
_h0414
590 _aBATCH-UPD
_b10
_c20130110
_lUCH01
_h2158
590 _aBATCH-UPD
_b10
_c20130410
_lUCH01
_h0048
590 _aBATCH-UPD
_b10
_c20130410
_lUCH01
_h1619
590 _aBATCH-UPD
_b10
_c20130913
_lUCH01
_h1827
590 _aCONVERSION
_b10
_c20130109
_lUCH01
_h1338
650 1 4 _aAbonos.
_9235
650 1 4 _aLodos de perforación.
_967426
700 0 _aL'Hermite, P.
_964182
700 0 _aWilliams, J. H.
_9122065
710 0 _aComisión Económica Europea.
_925710
901 _aBK
942 _cLIBRO
949 _a631.86 K6
_bBC
_cLIBRO
_d33724000173183
_eLIBRO
_gI.138591
_h71974
_i80309
_si
_t75.49
949 _a631.86 K6
_bBC
_cLIBRO
_d33724000173191
_eLIBRO
_fc.2
_h75842
_i80309
_si
_t75.49
999 _c69784
_d69784